000 01110nam a2200253 a 4500
001 000087280
005 20200120224941.0
008 990628s2014 ck gr| ||| j spa d
020 _a9789584242273
041 _aspa
043 _as-ck---
090 _aAC
_bMENde
100 0 _aMendoza, Plinio Apuleyo
_d1932-
240 0 _aMendoza García, Plinio Apuleyo,
245 1 3 _aEl día que enterramos las armas /
_cPlinio Apuleyo Mendoza.
250 _a1a. ed.
260 _aBogotá :
_bPlaneta,
_c2014.
300 _a168 páginas.
520 _a"La crónica de un época marcada por el estusiasmo pero que, vista con el paso de los años, no hace sino enfatizar el tedio de revolucionarios y contrarevolucionarios, de la provincia y de la metrópli. Han paso 41 años desde la publicación, pero la fuerza vital que mueve sus páginas permanece intacta: los países no cambian, cambian las personas, con fusiles o sin fusiles"
650 1 4 _aLiteratura colombiana
650 2 4 _aCuentos colombianos.
650 2 4 _aMovimientos estudiantiles
_vCuentos
650 2 4 _aEstudiantes
_xActividad política
_vCuentos
999 _c11862
_d11862